Ekonomická budúcnosť je veľká neznáma

Obrovské deficity verejných rozpočtov niektorých členských štátov. Mínusové hodnoty bilancií ako výsledok nižšej konkurencie domácej ekonomiky. Európska centrálna banka vyhlasuje rovnakú základnú úrokovú sadzbu pre všetky členské štáty. Opatrenia vlád na znižovanie deficitu verejných financií. Stimu...

Description complète

Enregistré dans:
Détails bibliographiques
Auteur principal: Hölcz, Róbert
Format: Chapitre de livre
Langue:slovaque
Sujets:
Tags: Ajouter un tag
Pas de tags, Soyez le premier à ajouter un tag!

MARC

LEADER 00000naa$a2200000$$$4500
001 0112979
005 20231006123734.5
041 0 |a slo 
044 |a SK 
245 1 0 |a Ekonomická budúcnosť je veľká neznáma  |c Róbert Hölcz 
520 |a Obrovské deficity verejných rozpočtov niektorých členských štátov. Mínusové hodnoty bilancií ako výsledok nižšej konkurencie domácej ekonomiky. Európska centrálna banka vyhlasuje rovnakú základnú úrokovú sadzbu pre všetky členské štáty. Opatrenia vlád na znižovanie deficitu verejných financií. Stimulačné balíčky pre bankový sektor. Globalizácia ako integrátor prenosu finančných problémov. 
610 2 0 |a Európa 
610 2 0 |a eurozóna 
610 2 0 |a kríza hospodárska 
610 2 0 |a politika fiškálna 
610 2 0 |a politika menová 
610 2 0 |a deficit rozpočtový 
610 2 0 |a hospodárstvo národné 
610 2 0 |a nástroje finančné 
610 2 0 |a globalizácia 
610 2 0 |a dôsledky sociálne 
100 1 |a Hölcz, Róbert